Bands and Artists That Start With B - Statistics

General Stats
  • This quiz has been taken 76 times
  • The average score is 10 of 15
Answer Stats
Song Band/Artist % Correct
Hey Jude The Beatles
99%
Livin' On a Prayer Bon Jovi
91%
Surfin' USA Beach Boys
90%
Stayin' Alive Bee Gees
90%
Summer of 69' Bryan Adams
80%
I Want It That Way Backstreet Boys
77%
We Didn't Start The Fire Billy Joel
76%
Walk Like An Egyptian The Bangles
76%
Total Eclipse of the Heart Bonnie Tyler
70%
Glory Days Bruce Springsteen
56%
Old Time Rock and Roll Bob Seger
51%
No Sleep Till Brooklyn Beastie Boys
46%
Heaven Is a Place on Earth Belinda Carlisle
46%
End of the Road Boyz II Men
37%
Poison Bell Biv DeVoe
20%
No matching quizzes found
Score Distribution
Percent of People with Each Score
Percentile by Number Answered
Your Score History
You have not taken this quiz